Doctor Who TV Companions (1963-2017) - Statistics

General Stats
  • This quiz has been taken 441 times
    418 since last reset
  • The average score is 33 of 44
Answer Stats
Doctor Companion % Correct
1st Sara Kingdom
98%
9th & 10th Rose Tyler
96%
1st Susan Foreman
94%
3rd & 4th Sarah Jane Smith
93%
11th Amy Pond
90%
11th Rory Williams
90%
11th & 12th Clara Oswald
89%
1st Ian Chesterton
89%
10th Donna Noble
88%
10th Martha Jones
88%
7th Ace McShane
85%
1st Barbara Wright
85%
12th Bill Potts
84%
9th Jack Harkness
84%
2nd Jamie McCrimmon
84%
4th & 5th Adric
82%
10th Mickey Smith
81%
3rd Jo Grant
80%
4th Romana
80%
11th River Song
79%
5th Tegan Jovanka
79%
3rd Alistair Lethbridge-Stewart
78%
5th & 6th Peri Brown
76%
1st, 2nd Ben Jackson
75%
4th K9
74%
1st, 2nd Polly Wright
74%
9th Adam Mitchell
73%
6th & 7th Mel Bush
73%
12th Nardole
73%
5th Nyssa
72%
4th Leela
68%
3rd Liz Shaw
68%
1st Dodo Chaplet
67%
2nd Zoe Heriot
67%
1st Steven Taylor
66%
1st Vicki Pallister
65%
8th Grace Holloway
64%
2nd Victoria Waterfield
64%
4th Harry Sullivan
60%
5th Vislor Turlough
59%
1st Katarina
54%
3rd John Benton
53%
5th Kamelion
51%
3rd Mike Yates
51%
No matching quizzes found
Score Distribution
Percent of People with Each Score
Percentile by Number Answered
Your Score History
You have not taken this quiz since the last reset